02352 2201129 4500001002100000005001500021035002000036008004100056245006000097100002000157250000600177260003100183300001200214084001400226082000800240650001400248990001200262990001200274990001200286990001200298990001200310990001200322990001200334990001200346990001200358990001200370990001200382990001200394990001200406990001200418990001200430990001200442990001200454990001200466990001200478990001200490990001200502990001200514990001200526990001200538990001200550990001200562990001200574990001200586990001200598990001200610990001200622990001200634990001200646990001200658990001200670990001200682990001200694990001200706990001200718990001200730990001200742990001200754990001200766990001200778990001200790990001200802990001200814990001200826990001200838990001200850990001200862990001200874990001200886990001200898990001200910990001200922990001200934990001200946990001200958990001200970990001200982990001200994990001201006990001201018990001201030990001201042990001201054990001201066990001201078990001201090990001201102990001201114990001201126990001201138990001201150990001201162990001201174990001201186990001201198990001201210INLIS00000000000012920240502110326 a0010-0424000105240502 0 ind 1 aBuku Siswa Fisika X Edisi Revisi 2016 /cKetut Kamajaya aKamajaya, Ketut a1 aBandung :bGrafindo,c2016 a288 hlm a530 KET f a530 4aNon Fiksi a0737166 a0737167 a0737168 a0737169 a0737170 a0737171 a0737172 a0737173 a0737174 a0737175 a0737176 a0737177 a0737178 a0737179 a0737180 a0737181 a0737182 a0737183 a0737184 a0737185 a0737186 a0737187 a0737188 a0737189 a0737190 a0737191 a0737192 a0737193 a0737194 a0737195 a0737196 a0737197 a0737198 a0737199 a0737200 a0737201 a0737202 a0737203 a0737204 a0737205 a0737206 a0737207 a0737208 a0737209 a0737210 a0737211 a0737212 a0737213 a0737214 a0737215 a0737216 a0737217 a0737218 a0737219 a0737220 a0737221 a0737222 a0737223 a0737224 a0737225 a0737226 a0737227 a0737228 a0737229 a0737230 a0737231 a0737232 a0737233 a0737234 a0737235 a0737236 a0737237 a0737238 a0737239 a0737240 a0737241 a0737242 a0737243 a0737244 a0737245